Historical aspects in calculus teaching

Bibliographic Details
Main Author: Kronfellner, Manfred (Author)
Format: Article
Language:English
PhysicalDescription:Sch.
ISBN:9788080842635
Subjects:

MARC

LEADER 00000nab a2200000 ar4500
001 vtls010092776
003 SK-MaSNL
005 20260304013307.0
008 100506|2007 xo |||||||||||100 b|eng
015 |a SNBRA2010/05  |2 snkbucl 
038 |a SNKBUCL 
040 |a SNKBUCL  |b slo  |c SNKBUCL  |e AACR2 
041 0 |a eng 
044 |a xo  |c SK 
080 |a 517.2/.3:371.3  |2 2001 
080 |a 371.3  |2 2001 
080 |a 51(091):371.3  |2 2001 
100 1 |a Kronfellner, Manfred  |4 aut  |9 1294108 
245 1 0 |a Historical aspects in calculus teaching  |c Manfred Kronfellner 
300 |b Sch. 
504 |a Bibliogr. odkazy 
546 |a Res. angl. 
650 0 7 |a dejiny matematiky  |2 SNKPH  |9 83266 
650 0 7 |a matematická analýza  |2 SNKPH  |9 1102 
650 0 7 |a diferenciálny počet  |2 SNKPH  |9 69388 
650 0 7 |a integrálny počet  |2 SNKPH  |9 66629 
650 0 7 |a vyučovacie metódy  |2 SNKPH  |9 1521 
655 7 |a štúdie  |2 SNKPH  |9 57033 
773 0 |t Matematika v škole dnes a zajtra  |d Ružomberok : Katolícka univerzita, 2007  |g S. [39]-48  |z 9788080842635 
852 |a SNK  |b KIS3GCP 
958 |a NB 
999 |c 2575204  |d 2577134